| 000 | 00744nam a2200205Ii 4500 | ||
|---|---|---|---|
| 003 | JO-AjNU | ||
| 008 | 230605s9999||||xx |||||||||||||| ||und|| | ||
| 040 |
_aJO-AjNU _bara _erda _cJO-AjNU |
||
| 041 | _aara | ||
| 050 | 1 | 4 | _aQ181.A2 R85 1986 |
| 100 | 3 |
_aلبيب، رشدي, _eauthor _936051 |
|
| 245 | 0 | 0 | _aمعلم العلوم مسؤلياته - اساليب عملة - اعداده - نموه العلمي والمهني |
| 250 | _aط3 | ||
| 264 | 3 | 1 | _aالقاهرة:مكتبة الانجلو المصرية ، 1986 |
| 300 | _a292ص | ||
| 336 |
_atext _btxt _2rdacontent |
||
| 337 |
_aunmediated _bn _2rdamedia |
||
| 338 |
_avolume _bnc _2rdacarrier |
||
| 650 | 4 |
_aمعلم العلوم-مسوؤليته- النمو العلمي _936052 |
|
| 999 |
_aA14943 _c18511 _d18511 |
||